Cataloguing practice (Record no. 356121)

000 -LEADER
fixed length control field 00336cam a22001337a 4500
008 - FIXED-LENGTH DATA ELEMENTS--GENERAL INFORMATION
fixed length control field 180718b1991 xxu||||| |||| 00| 0 eng d
082 ## - DEWEY DECIMAL CLASSIFICATION NUMBER
Classification number P953 V51
100 ## - MAIN ENTRY--PERSONAL NAME
Personal name Ved Prakash
245 ## - TITLE STATEMENT
Title Cataloguing practice
Statement of responsibility, etc. by Ved Prakash
260 ## - PUBLICATION, DISTRIBUTION, ETC.
Place of publication, distribution, etc. New Delhi
Name of publisher, distributor, etc. Aar Vee
Date of publication, distribution, etc. 1991
300 ## - PHYSICAL DESCRIPTION
Extent 282p.
500 ## - GENERAL NOTE
General note Bibl.p.281-2;
650 ## - SUBJECT ADDED ENTRY--TOPICAL TERM
Topical term or geographic name entry element Cataloguing
Holdings
Withdrawn status Lost status Damaged status Not for loan Permanent Location Current Location Date acquired Full call number Barcode Date last seen Price effective from Koha item type
        Indian Institute of Public Administration Indian Institute of Public Administration 1993-12-31 P953 V51 65763 2018-07-21 2018-07-21 Book

Powered by Koha